Statistics for Carolina Panthers 2021-2022 Roster

Click here to take the quiz!

General Stats

  • This quiz has been taken 47 times
  • The average score is 15 of 53

Answer Stats

HintAnswer% Correct
QBCam Newton
89%
WRDJ Moore
84%
QBP.J. Walker
84%
RBChristian McCaffrey
81%
RBChuba Hubbard
78%
WRRobby Anderson
70%
CBDonte Jackson
54%
WRTerrace Marshall Jr.
54%
DTDerrick Brown
51%
DEBrian Burns
49%
TEIan Thomas
49%
TETommy Tremble
49%
FSJeremy Chinn
46%
OLBShaq Thompson
46%
TEColin Thompson
43%
CBStephon Gilmore
41%
RTTaylor Moton
41%
WRShi Smith
35%
WRBrandon Zylstra
30%
OLBHaason Reddick
30%
KZane Gonzalez
30%
RBAmeer Abdullah
27%
CBCJ Henderson
27%
DEYetur Gross-Matos
24%
MLBJermaine Carter Jr.
22%
LSJ.J. Jansen
22%
CBKeith Taylor Jr.
22%
LGMichael Jordan
22%
DTDaQuan Jones
19%
CBA.J. Bouye
16%
DEMarquis Haynes Sr.
16%
RTBrady Christensen
14%
OLBFrankie Luvu
14%
SSJuston Burris
14%
WRAlex Erickson
8%
DTBravvion Roy
8%
RGDennis Daley
8%
QBMatt Barkley
8%
DEMorgan Fox
8%
CBRashaan Melvin
8%
CSam Tecklenburg
8%
SSSean Chandler
8%
RBGiovanni Ricci
5%
OLBKamal Martin
5%
CBMyles Hartfield
5%
CPat Elflein
5%
DTPhil Hoskins
5%
LTTrent Scott
5%
FSKenny Robinson
3%
PLachlan Edwards
3%
CBStantley Thomas-Oliver III
3%
OLBJulian Stanford
0%
FSSam Franklin Jr.
0%

Score Distribution

Percentile by Number Answered

Percent of People with Each Score

Your Score History

You have not taken this quiz